000 00259nam a22001097a 4500
008 170125b xxu||||| |||| 00| 0 eng d
020 _a9780316059312
041 _aeng
080 _a618.2
245 _aMEDICINE FOR THE OUTDOORS
_cAUERBACH, P.A
942 _2udc
_cBK
999 _c3575
_d3575